[Event "GRE-chT 48th"]
[Site "Athens"]
[Date "2021.09.08"]
[Round "2.7"]
[White "Papaioannou, Dimitrios"]
[Black "Sarantou, Angeliki"]
[Result "1-0"]
[WhiteElo "2053"]
[BlackElo "1195"]
[PlyCount "49"]
[EventDate "2021.09.07"]
[EventType "team-swiss"]
[EventRounds "7"]
[EventCountry "GRE"]
[SourceTitle "CBM 204 Extra"]
[Source "ChessBase"]
[SourceDate "2021.11.30"]
[SourceVersion "1"]
[SourceVersionDate "2021.11.30"]
[SourceQuality "1"]
[WhiteTeam "Nikaia Fysiolatris"]
[BlackTeam "Ykaryas"]
[WhiteTeamCountry "GRE"]
[BlackTeamCountry "GRE"]

1. e4 e6 2. Qe2 Be7 3. d3 d5 4. g3 Nf6 5. Bg2 0-0 6. e5 Nfd7 7. f4 c5 8. Nf3 Qb6 9. c3 Nc6 10. 0-0 Qc7 11. Na3 b6 12. Nb5 Qb8 13. c4 Ba6 14. a4 Bb7 15. cxd5 exd5 16. e6 Nf6 17. exf7+ Rxf7 18. Ng5 Rf8 19. Qe6+ Kh8 20. Nf7+ Kg8 21. Nh6+ Kh8 22. Nf7+ Kg8 23. Bxd5 Nxd5 24. Nh6+ Kh8 25. Qg8+ 1-0

[Event "GRE-chT 48th"]
[Site "Athens"]
[Date "2021.09.07"]
[Round "1.5"]
[White "Sarantou, Angeliki"]
[Black "Kotsinis, Alexandros"]
[Result "0-1"]
[WhiteElo "1195"]
[BlackElo "2067"]
[PlyCount "42"]
[EventDate "2021.09.07"]
[EventType "team-swiss"]
[EventRounds "7"]
[EventCountry "GRE"]
[SourceTitle "CBM 204 Extra"]
[Source "ChessBase"]
[SourceDate "2021.11.30"]
[SourceVersion "1"]
[SourceVersionDate "2021.11.30"]
[SourceQuality "1"]
[WhiteTeam "Ykaryas"]
[BlackTeam "Irakleiou"]
[WhiteTeamCountry "GRE"]
[BlackTeamCountry "GRE"]

1. e4 Nf6 2. Nc3 e5 3. Nf3 Nc6 4. d4 exd4 5. Nxd4 Bb4 6. Nxc6 bxc6 7. Bd3 0-0 8. 0-0 Re8 9. Bg5 h6 10. Bxf6 Qxf6 11. Qd2 d6 12. Rfe1 Rb8 13. Rab1 Bd7 14. a3 Bc5 15. Kf1 Bd4 16. Bc4 Rxb2 17. Na2 Rxb1 18. Rxb1 Rxe4 19. Bd3 Re8 20. f3 Bh3 21. Re1 Qxf3+ 0-1